| 000 | cam a22 7a 4500 | ||
|---|---|---|---|
| 999 |
_c7156 _d7156 |
||
| 003 | OSt | ||
| 005 | 20180903155131.0 | ||
| 008 | 180903e201805 sp b 000 0 cat d | ||
| 010 | _a 2015381311 | ||
| 020 | _a9788416743698 | ||
| 040 |
_aDLC _bcat _cCDMR |
||
| 100 | 1 |
_aPedrolo, Manuel de _d1918-1990. _92063 |
|
| 245 | 1 | 0 |
_aManual de Pedrolo _c/ Manuel de Pedrolo ; antologia a cura d'Aina Torres. |
| 260 |
_a[Barcelona : _bAmsterdam], _c2018 |
||
| 300 |
_a172 p. ; _c22 cm |
||
| 500 | _aAntologia d'obra publicada | ||
| 504 | _aInclou referències bibliogrà fiques | ||
| 700 | 1 |
_aTorres Rexach, Aina, _d1984- |
|
| 942 | _cMON | ||